Catálogo
 En Linea

Alteraciones populares de Zaragoza año 1591 / (Registro nro. 6599)

Detalles MARC
000 -CABECERA
campo de control de longitud fija 01091cam a2200253 a 4500
001 - NÚMERO DE CONTROL
campo de control 000006811
005 - FECHA Y HORA DE LA ÚLTIMA TRANSACCIÓN
campo de control 20200929154011.0
008 - DATOS DE LONGITUD FIJA--INFORMACIÓN GENERAL
campo de control de longitud fija 970919s1996 sp b 001 0 spa
020 ## - NÚMERO INTERNACIONAL ESTÁNDAR DEL LIBRO
Número Internacional Estándar del Libro 8478203001
040 ## - FUENTE DE LA CATALOGACIÓN
Centro catalogador/agencia de origen DO-SdBNP
Lengua de catalogación spa
Centro/agencia transcriptor BNPHU
082 ## - NÚMERO DE LA CLASIFICACIÓN DECIMAL DEWEY
Número de clasificación 946.043
Número de documento/Ítem L851a
100 1# - ENTRADA PRINCIPAL--NOMBRE DE PERSONA
Nombre de persona Leonardo de Argensola, Bartolomé,
Fechas asociadas al nombre 1562-1631.
9 (RLIN) 18940
245 10 - MENCIÓN DE TÍTULO
Título Alteraciones populares de Zaragoza año 1591 /
Mención de responsabilidad, etc. Bartolomé Leonardo de Argensola ; edición, estudio y notas Gregorio Colás Latorre.
260 ## - PUBLICACIÓN, DISTRIBUCIÓN, ETC.
Lugar de publicación, distribución, etc. Zaragoza :
Nombre del editor, distribuidor, etc. Institución "Fernando el Católico",
Fecha de publicación, distribución, etc. 1996.
300 ## - DESCRIPCIÓN FÍSICA
Extensión 230 p. ;
Dimensiones 21 cm.
500 ## - NOTA GENERAL
Nota general Incluye índice onomástico y geográfico
504 ## - NOTA DE BIBLIOGRAFÍA, ETC.
Nota de bibliografía, etc. Incluye referencias bibliográficas y notas al pie de las páginas
651 #4 - PUNTO DE ACCESO ADICIONAL DE MATERIA--NOMBRE GEOGRÁFICO
Nombre geográfico Zaragoza :
Subdivisión general Historia
9 (RLIN) 18941
650 #4 - PUNTO DE ACCESO ADICIONAL DE MATERIA--TÉRMINO DE MATERIA
Término de materia o nombre geográfico como elemento de entrada España
Subdivisión general Disturbios
Subdivisión geográfica Zaragoza
Subdivisión general Historia
9 (RLIN) 18942
650 #4 - PUNTO DE ACCESO ADICIONAL DE MATERIA--TÉRMINO DE MATERIA
Término de materia o nombre geográfico como elemento de entrada Leyes
9 (RLIN) 18943
651 #4 - PUNTO DE ACCESO ADICIONAL DE MATERIA--NOMBRE GEOGRÁFICO
Nombre geográfico España
Subdivisión general Historia
Subdivisión cronológica PHILIP II, 1556-1598.
9 (RLIN) 18944
600 14 - PUNTO DE ACCESO ADICIONAL DE MATERIA--NOMBRE DE PERSONA
Nombre de persona LEONARDO DE ARGENSOLA, BARTOLOMÉ,
Fechas asociadas al nombre 1562-1631.
Título de la obra ALTERACIONES POPULARES DE ZARAGOZA, AÑO 1591.
9 (RLIN) 18945
700 1# - PUNTO DE ACCESO ADICIONAL--NOMBRE DE PERSONA
Nombre de persona Colás Latorre, Gregorio,
Término indicativo de función/relación ed.
9 (RLIN) 18946
Existencias
Estado de retiro Estado de pérdida Restricciones de uso No para préstamo Código de colección Localización permanente Ubicación/localización actual Ubicación en estantería Fecha de adquisición Número de inventario Total de préstamos Signatura topográfica completa Código de barras Fecha visto por última vez Precio válido a partir de Tipo de ítem Koha Número de copia
      Excluido de préstamo Monografías: Libros y Folletos General General Depósito 02.09.2009 LF1   946.043 L851a 6811-10 25.06.2020 25.06.2020 No se presta  
  Extraviado   Excluido de préstamo Monografías: Libros y Folletos General General Extraviado 17.04.2017 LF1   946.043 L851a 6811-20 25.06.2020 25.06.2020 No se presta e. 2

Con tecnología Koha